[Event "Rapid"]
[Site "Sao Paulo BRA"]
[Date "2004.08.20"]
[Round "1"]
[White "Vescovi,G"]
[Black "Karpov,Ana"]
[Result "1-0"]
[WhiteElo "2648"]
[BlackElo "2682"]
[EventDate "2004.08.20"]

1. e4 e6 2. d4 d5 3. Nd2 dxe4 4. Nxe4 Nd7 5. Nf3 Ngf6 6. Nxf6+ Nxf6 7. c3
c5 8. Ne5 a6 9. Bg5 Qd5 10. Bxf6 gxf6 11. Nc4 cxd4 12. Nb6 Qe4+ 13. Be2 Rb8
14. O-O dxc3 15. bxc3 Bc5 16. Rb1 Qc6 17. Bf3 Qc7 18. Qa4+ Ke7 19. Qa5 Bd6
20. Rfe1 Bxh2+ 21. Kh1 Be5 22. Nd5+ 1-0

[Event "Rapid"]
[Site "Sao Paulo BRA"]
[Date "2004.08.20"]
[Round "1"]
[White "Milos,G"]
[Black "Leitao,R"]
[Result "1-0"]
[WhiteElo "2601"]
[BlackElo "2573"]
[EventDate "2004.08.20"]

1. c4 Nf6 2. Nf3 c6 3. Nc3 d5 4. e3 g6 5. d4 Bg7 6. Bd3 O-O 7. O-O Bg4 8.
cxd5 Bxf3 9. Qxf3 cxd5 10. Bd2 Nc6 11. Qe2 e5 12. dxe5 Nxe5 13. Rfd1 Qe7
14. Be1 Rfd8 15. Bc2 Rac8 16. Bb3 Rc5 17. h3 a6 18. e4 d4 19. Nd5 Nxd5 20.
Bxd5 d3 21. Qe3 Nc4 22. Qf3 Nxb2 23. Bb4 b6 24. Rab1 Nxd1 25. Rxd1 Rdc8 26.
Bxc5 Rxc5 27. Rxd3 Be5 28. g3 Kg7 29. Kg2 Qc7 30. Bb3 Rc3 31. Rxc3 Bxc3 32.
Bxf7 Bd4 33. Bd5 b5 34. h4 Qe7 35. Qg4 h5 36. Qc8 Qf8 37. Qd7+ Kh6 38. Bf7
Be5 39. Qe6 Qd6 40. Qe8 Qd2 41. Qxe5 1-0

[Event "Rapid"]
[Site "Sao Paulo BRA"]
[Date "2004.08.20"]
[Round "1"]
[White "Morovic Fernandez,I"]
[Black "Anand,V"]
[Result "1/2-1/2"]
[WhiteElo "2573"]
[BlackElo "2782"]
[EventDate "2004.08.20"]

1. c4 e5 2. Nc3 Nf6 3. Nf3 Nc6 4. e3 Bb4 5. Qc2 Bxc3 6. Qxc3 e4 7. Nd4 O-O
8. Be2 Re8 9. O-O Nxd4 10. Qxd4 b6 11. b3 c5 12. Qc3 d5 13. Bb2 dxc4 14.
bxc4 Bb7 15. f3 Qd6 16. fxe4 Rxe4 17. Bf3 Re7 18. Bxb7 Rxb7 19. Rf5 Ne8 20.
Rd5 Qg6 21. Rf1 f6 22. d3 Nc7 23. Rd6 Ne8 24. Rd5 Nc7 1/2-1/2

[Event "Rapid"]
[Site "Sao Paulo BRA"]
[Date "2004.08.20"]
[Round "2"]
[White "Anand,V"]
[Black "Vescovi,G"]
[Result "1-0"]
[WhiteElo "2782"]
[BlackElo "2648"]
[EventDate "2004.08.20"]

1. e4 e5 2. Nf3 Nc6 3. Bb5 Nf6 4. O-O d6 5. d4 Bd7 6. Nc3 Be7 7. Bxc6 Bxc6
8. Qd3 exd4 9. Nxd4 Bd7 10. b3 O-O 11. Bb2 c5 12. Nde2 Bc6 13. Rad1 Re8 14.
Nf4 Bf8 15. Rfe1 b5 16. Ncd5 Nxd5 17. Nxd5 Bxd5 18. Qxd5 Qc8 19. f3 a5 20.
a4 Qa6 21. Ra1 b4 22. c4 bxc3 23. Bxc3 c4 24. Qxc4 Qxc4 25. bxc4 Rec8 26.
Rec1 Rxc4 27. Be1 d5 28. exd5 Rd4 29. Rd1 Rc4 30. d6 Rd8 31. Bxa5 Rxd6 32.
Rxd6 Bxd6 33. Bd2 Kf8 34. Ra2 Bc5+ 35. Kf1 Ke8 36. a5 Ba7 37. Ke2 Rc6 38.
Kd3 Kd7 39. Bb4 Bb8 40. h3 Rg6 41. Bc5 Kc6 42. Bd4 Kb7 43. a6+ Rxa6 44.
Rxa6 Kxa6 45. Bxg7 Kb5 46. Ke4 Kc6 47. Be5 Ba7 48. Kf5 1-0

[Event "Rapid"]
[Site "Sao Paulo BRA"]
[Date "2004.08.20"]
[Round "2"]
[White "Milos,G"]
[Black "Morovic Fernandez,I"]
[Result "1/2-1/2"]
[WhiteElo "2601"]
[BlackElo "2573"]
[EventDate "2004.08.20"]

1. c4 Nf6 2. Nf3 c6 3. Nc3 d5 4. e3 e6 5. b3 Nbd7 6. Bb2 e5 7. Qc2 a6 8.
Be2 Bd6 9. g4 h6 10. g5 hxg5 11. Nxg5 Qc7 12. cxd5 cxd5 13. O-O-O b5 14.
Kb1 Bb7 15. d4 e4 16. f3 Nb6 17. Rdf1 Rc8 18. Qd2 b4 19. Nd1 Nfd7 20. f4 f6
1/2-1/2

[Event "Rapid"]
[Site "Sao Paulo BRA"]
[Date "2004.08.21"]
[Round "3"]
[White "Morovic Fernandez,I"]
[Black "Leitao,R"]
[Result "1-0"]
[WhiteElo "2573"]
[BlackElo "2573"]
[EventDate "2004.08.20"]

1. c4 Nf6 2. Nc3 e5 3. Nf3 Nc6 4. e3 Bb4 5. Qc2 Bxc3 6. Qxc3 Qe7 7. Be2 O-O
8. d4 exd4 9. Nxd4 Ne4 10. Qd3 Qb4+ 11. Kf1 Nc5 12. Qc2 Ne6 13. Nb5 Qe7 14.
Nc3 b6 15. b3 Bb7 16. Nd5 Qh4 17. Qf5 Ne7 18. Qg4 Ng6 19. Qxh4 Nxh4 20. Bb2
Rfe8 21. Rd1 Rad8 22. g3 Ng6 23. Bf3 c6 24. Nf4 Ng5 25. Bg2 Nxf4 26. gxf4
Ne4 27. Rg1 g6 28. Bxe4 Rxe4 29. Bf6 Rde8 30. Rxd7 Bc8 31. Rxa7 Bh3+ 32.
Ke2 Rxf4 33. Re7 Rxe7 34. Bxe7 Bg4+ 35. Ke1 Re4 36. Bf6 h5 37. Kd2 Re6 38.
Bc3 Rd6+ 39. Kc1 c5 40. Be5 Re6 41. Bc7 Kf8 42. Rg3 Bf5 43. Rg1 Bg4 44. a4
Ke8 45. Kd2 Kd7 46. Bf4 Kc6 47. Ra1 Re7 48. Kc3 f6 49. h4 Rd7 50. a5 Ra7
51. a6 Bc8 52. Rg1 Bf5 53. f3 Rxa6 54. e4 Be6 55. Rxg6 Ra1 56. Rxf6 Kd7 57.
Bg5 b5 58. cxb5 Ra5 59. f4 Rxb5 60. f5 Rxb3+ 61. Kc2 Bc4 62. e5 Rf3 63.
Rd6+ Kc7 64. Bd8+ Kc8 65. e6 Rxf5 66. Bg5 Bb5 67. e7 Re5 68. Kc3 Kb7 69.
Rh6 Be8 70. Rh8 Bg6 71. Rg8 Bf7 72. Rf8 Bg6 73. Kc4 1-0

[Event "Rapid"]
[Site "Sao Paulo BRA"]
[Date "2004.08.21"]
[Round "3"]
[White "Vescovi,G"]
[Black "Milos,G"]
[Result "1/2-1/2"]
[WhiteElo "2648"]
[BlackElo "2601"]
[EventDate "2004.08.20"]

1. e4 e5 2. Nf3 Nc6 3. Bb5 Nf6 4. O-O d6 5. d4 Bd7 6. Nc3 Be7 7. Re1 Nxd4
8. Nxd4 exd4 9. Qxd4 Bxb5 10. Nxb5 O-O 11. Qc3 a6 12. Nd4 Nd7 13. Nf5 Bf6
14. Qb4 Qc8 15. Bd2 Re8 16. Bc3 a5 17. Qa3 g6 18. Nh6+ Kg7 19. Ng4 Bxc3 20.
Qxc3+ Ne5 21. h3 f6 22. Ne3 Nd7 23. Nd5 c6 24. Nf4 Nc5 25. Qd4 Qc7 26. Rad1
Rad8 27. Re3 Qe7 28. Nd3 Nxd3 29. Rdxd3 Qe5 30. Qb6 Rd7 31. c4 Ra8 32. c5
Ra6 33. Qb3 Qxc5 34. Qe6 Rf7 35. Rxd6 Ra8 36. Rd7 Raf8 37. Rc3 Qg5 38. Rd1
Qb5 39. Rc2 Qb4 40. Rcd2 Re7 41. Rd7 Rff7 42. Rxe7 Rxe7 43. Qd6 Qxe4 44.
Qd8 a4 45. Rd4 Qe6 46. Rxa4 Rd7 47. Qb8 Rd1+ 48. Kh2 Qd6+ 49. Qxd6 Rxd6
1/2-1/2

[Event "Rapid"]
[Site "Sao Paulo BRA"]
[Date "2004.08.21"]
[Round "4"]
[White "Vescovi,G"]
[Black "Leitao,R"]
[Result "1/2-1/2"]
[WhiteElo "2648"]
[BlackElo "2573"]
[EventDate "2004.08.20"]

1. e4 c6 2. d4 d5 3. Nc3 dxe4 4. Nxe4 Bf5 5. Ng3 Bg6 6. Nf3 Nd7 7. h4 h6 8.
h5 Bh7 9. Bd3 Bxd3 10. Qxd3 Ngf6 11. Bf4 Qa5+ 12. Bd2 Qc7 13. O-O-O e6 14.
Ne4 O-O-O 15. g3 Be7 16. Nxf6 Nxf6 17. Ne5 Rhf8 18. Qe3 Nd7 19. c4 Nxe5 20.
dxe5 Qb6 21. Qxb6 axb6 22. Bc3 Bc5 23. f3 Bf2 24. g4 Be3+ 25. Kc2 Rxd1 26.
Rxd1 Rd8 27. Rxd8+ Kxd8 28. Kd3 Bc1 29. a4 g6 30. Ke4 gxh5 31. gxh5 Kd7 32.
f4 Kc7 33. Bb4 c5 34. Bc3 Kd7 35. b3 Ke8 36. Be1 Kf8 37. Bh4 Bd2 38. Bd8
Ba5 39. Kd3 Ke8 40. Bh4 Bb4 41. Bf2 Kf8 42. Bh4 Ke8 43. Bf6 Kf8 44. Ke4 Bc3
45. Ke3 Bb4 46. Kd3 Ba5 47. Bh4 Ke8 48. Bf2 Kf8 49. Ke4 Bb4 50. Be3 Kg7 51.
Bf2 Ba5 52. Bh4 Kf8 53. Ke3 Ke8 54. f5 Kf8 55. Bd8 Ke8 56. Bf6 Kf8 57. Bh4
Bb4 58. Kd3 Ba5 59. Bd8 Ke8 60. Bf6 Kf8 61. Bh4 Ke8 62. f6 Kf8 63. Bf2 Kg8
64. Be3 Kh7 65. Bd2 Bxd2 66. Kxd2 Kg8 67. b4 Kf8 68. b5 1/2-1/2

[Event "Rapid"]
[Site "Sao Paulo BRA"]
[Date "2004.08.21"]
[Round "4"]
[White "Anand,V"]
[Black "Milos,G"]
[Result "1-0"]
[WhiteElo "2782"]
[BlackElo "2601"]
[EventDate "2004.08.20"]

1. e4 e5 2. Nf3 Nc6 3. Bb5 Nf6 4. O-O d6 5. d4 Bd7 6. Nc3 Be7 7. Bxc6 Bxc6
8. Re1 exd4 9. Nxd4 Bd7 10. h3 O-O 11. Qf3 Re8 12. Bf4 c6 13. Rad1 Qb6 14.
Nb3 a5 15. Bxd6 Bxd6 16. Rxd6 a4 17. Nd2 Qxb2 18. e5 Qxc2 19. Re2 Bf5 20.
exf6 Rxe2 21. Nxe2 Bg6 22. a3 Re8 23. Qe3 1-0

[Event "Rapid"]
[Site "Sao Paulo BRA"]
[Date "2004.08.22"]
[Round "5"]
[White "Morovic Fernandez,I"]
[Black "Vescovi,G"]
[Result "1/2-1/2"]
[WhiteElo "2573"]
[BlackElo "2648"]
[EventDate "2004.08.20"]

1. c4 Nf6 2. Nc3 e6 3. e4 d5 4. e5 d4 5. exf6 dxc3 6. bxc3 Qxf6 7. Nf3 e5
8. Bd3 Bd6 9. O-O Na6 10. Bc2 Bg4 11. d4 Bxf3 12. Qxf3 Qxf3 13. gxf3 exd4
14. Re1+ Kd8 15. cxd4 c5 16. d5 Kc7 17. Bb2 Rhe8 18. a3 Rad8 19. Ba4 Rxe1+
20. Rxe1 Nb8 21. Kh1 f6 22. Rg1 Bf8 23. Bc1 Nd7 24. Bf4+ Ne5 25. Bxe5+ fxe5
26. Rg5 1/2-1/2

[Event "Rapid"]
[Site "Sao Paulo BRA"]
[Date "2004.08.22"]
[Round "6"]
[White "Karpov,Ana"]
[Black "Vescovi,G"]
[Result "1/2-1/2"]
[WhiteElo "2682"]
[BlackElo "2648"]
[EventDate "2004.08.20"]

1. d4 Nf6 2. c4 e6 3. Nc3 Bb4 4. Qc2 d5 5. cxd5 Qxd5 6. e3 c5 7. Bd2 Bxc3
8. Bxc3 cxd4 9. Bxd4 Nc6 10. Bc3 O-O 11. Nf3 Rd8 12. Be2 Qe4 13. Qb3 Nd5
14. a3 Nxc3 15. Qxc3 Qg6 16. O-O Qf6 17. Qxf6 gxf6 18. Rfd1 Bd7 19. Nd2 Kf8
20. Ne4 Ke7 21. Nc5 Rab8 22. Nxd7 Rxd7 23. Rxd7+ Kxd7 24. Rd1+ Ke7 25. Rc1
Kd8 26. Kf1 Rc8 27. Bb5 Ne5 28. Rxc8+ Kxc8 29. f4 Ng4 30. Ke2 Nxh2 31. Be8
Ng4 32. Bxf7 Kd7 33. Bh5 Nh6 34. Bf3 b6 35. Be4 Nf5 36. Kf3 h6 37. g4 Nd6
38. Bd3 Ke7 39. Kg3 Kf7 40. Kh4 Kg7 41. Kh5 e5 42. Kh4 Kf7 1/2-1/2

[Event "Rapid"]
[Site "Sao Paulo BRA"]
[Date "2004.08.23"]
[Round "7"]
[White "Karpov,Ana"]
[Black "Leitao,R"]
[Result "1/2-1/2"]
[WhiteElo "2682"]
[BlackElo "2573"]
[EventDate "2004.08.20"]

1. d4 Nf6 2. c4 e6 3. Nf3 d5 4. Nc3 dxc4 5. Qa4+ c6 6. Qxc4 b5 7. Qd3 Be7
8. g3 Bb7 9. Bg2 Nbd7 10. O-O O-O 11. a3 a6 12. Rd1 c5 13. dxc5 Nxc5 14.
Qc2 Qc8 15. Bf4 Na4 16. Rac1 Nxc3 17. Qxc3 Qxc3 18. Rxc3 Rac8 19. Be5 Rxc3
20. Bxc3 Rc8 21. Ba5 Kf8 22. h3 Ke8 23. g4 h6 24. e3 Bd5 25. Bc3 Kf8 26.
Ne1 Bxg2 27. Kxg2 Ne4 28. Ba5 Nd6 29. Bb4 Nc4 30. Bxe7+ Kxe7 31. b3 Nxa3
32. b4 Nc2 33. Nxc2 Rxc2 34. Ra1 Rc6 35. Kf3 Kd6 36. Ke4 Kc7 37. Kd3 Kb6
38. f4 Rc4 39. Rb1 Kc6 40. Ra1 Kb6 41. Rb1 a5 42. bxa5+ Kxa5 43. Ra1+ Kb6
44. Ra8 Rc7 45. Kd4 b4 46. Rg8 g6 47. Rh8 Kb5 48. Rxh6 Rd7+ 49. Ke5 b3 50.
Rh8 Rd5+ 51. Kf6 Kc4 52. Rc8+ Rc5 53. Rd8 b2 54. Rd1 Kb3 55. Kxf7 Kc2 56.
Rg1 Rd5 57. Kxe6 Rd1 58. Rg2+ Rd2 59. Rg1 Rd1 60. Rg2+ 1/2-1/2

[Event "Rapid"]
[Site "Sao Paulo BRA"]
[Date "2004.08.23"]
[Round "7"]
[White "Vescovi,G"]
[Black "Anand,V"]
[Result "0-1"]
[WhiteElo "2648"]
[BlackElo "2782"]
[EventDate "2004.08.20"]

1. d4 d5 2. Nf3 Nf6 3. c4 c6 4. Nc3 dxc4 5. a4 Bf5 6. Ne5 Nbd7 7. Nxc4 Nb6
8. Ne5 a5 9. g3 e6 10. Bg2 Bb4 11. O-O h6 12. f3 O-O 13. e4 Bh7 14. Be3
Nfd7 15. Qe2 Nxe5 16. dxe5 Nd7 17. Rfd1 Qe7 18. f4 Rfd8 19. Qf2 f6 20. Na2
fxe5 21. Nxb4 axb4 22. f5 Nf6 23. h3 Rxd1+ 24. Rxd1 Rd8 25. Rxd8+ Qxd8 26.
Qc2 exf5 27. Qc4+ Kh8 28. Qxb4 Qd3 29. Kf2 f4 30. gxf4 exf4 31. Qf8+ Bg8
32. Bxf4 Qd4+ 33. Kg3 Qg1 34. Kf3 Nxe4 35. Be3 Qd1+ 36. Kf4 g5+ 37. Kf5
Qd7+ 38. Kg6 Qe6+ 0-1

[Event "Rapid"]
[Site "Sao Paulo BRA"]
[Date "2004.08.23"]
[Round "7"]
[White "Morovic Fernandez,I"]
[Black "Milos,G"]
[Result "1-0"]
[WhiteElo "2573"]
[BlackElo "2601"]
[EventDate "2004.08.20"]

1. c4 g6 2. d4 Bg7 3. Nf3 Nf6 4. Nc3 O-O 5. e4 d6 6. h3 Na6 7. Bg5 c5 8. d5
e6 9. Bd3 Nb4 10. Bb1 exd5 11. exd5 Re8+ 12. Kf1 Qb6 13. a3 Qa6 14. Kg1 Bd7
15. Kh2 h6 16. Bxf6 Bxf6 17. Qd2 Qxc4 18. axb4 cxb4 19. Ne4 Rxe4 20. Bxe4
Qxe4 21. Rhe1 Qf5 22. Qxb4 b6 23. Qxd6 Bxb2 24. Rxa7 Rxa7 25. Qb8+ Kg7 26.
Qxa7 Qxd5 27. Qxb6 Bf6 28. Rc1 Be6 29. Qc5 Qe4 30. Qd6 h5 31. Re1 Qc4 32.
Kg1 Qc3 33. Rb1 Bxh3 34. Rb7 Bg4 35. Qd5 Qc1+ 36. Kh2 Qf4+ 37. g3 Qxf3 38.
Rxf7+ Kh6 39. Qxf3 Bxf3 40. Rxf6 Bd5 41. f4 Be4 42. Rf7 Bd5 43. Ra7 Be4 44.
Kg1 g5 45. Rd7 Bg6 46. Kf2 gxf4 47. gxf4 h4 48. Rd6 Kh5 49. Rd5+ Kh6 50.
Ra5 Be4 51. Rg5 h3 52. Kg3 Bg2 53. Rg4 Kh5 54. f5 Kh6 55. f6 Bd5 56. Rg7
Be6 57. Kh2 Bf5 58. Kg3 Be6 59. Re7 Bf5 60. Kf4 Bc8 61. f7 1-0

[Event "Rapid"]
[Site "Sao Paulo BRA"]
[Date "2004.08.24"]
[Round "9"]
[White "Vescovi,G"]
[Black "Morovic Fernandez,I"]
[Result "1/2-1/2"]
[WhiteElo "2648"]
[BlackElo "2573"]
[EventDate "2004.08.20"]

1. e4 c5 2. Nf3 e6 3. d3 Nc6 4. g3 d5 5. Qe2 Nge7 6. Bg2 dxe4 7. dxe4 Nd4
8. Nxd4 cxd4 9. e5 Bd7 10. Bxb7 Rb8 11. Be4 Bb5 12. Bd3 Qd5 13. O-O Nc6 14.
f4 Nb4 15. c4 Bxc4 16. Bxc4 d3 17. Bxd5 dxe2 18. Re1 Bc5+ 19. Kg2 Nc2 20.
Rxe2 Nxa1 21. Be4 O-O 22. b3 Rfd8 1/2-1/2

[Event "Rapid"]
[Site "Sao Paulo BRA"]
[Date "2004.08.24"]
[Round "10"]
[White "Leitao,R"]
[Black "Vescovi,G"]
[Result "1/2-1/2"]
[WhiteElo "2573"]
[BlackElo "2648"]
[EventDate "2004.08.20"]

1. d4 Nf6 2. c4 e6 3. Nf3 b6 4. g3 Ba6 5. Nbd2 d5 6. Bg2 Bd6 7. O-O O-O 8.
Re1 Nbd7 9. b3 c5 10. Bb2 dxc4 11. Nxc4 Bxc4 12. bxc4 Rc8 13. e4 Bb8
1/2-1/2

[Event "Rapid"]
[Site "Sao Paulo BRA"]
[Date "2004.08.24"]
[Round "10"]
[White "Milos,G"]
[Black "Anand,V"]
[Result "0-1"]
[WhiteElo "2601"]
[BlackElo "2782"]
[EventDate "2004.08.20"]

1. c4 e5 2. g3 Nf6 3. Bg2 Nc6 4. Nf3 Bc5 5. O-O d6 6. Nc3 O-O 7. d3 h6 8.
Na4 Re8 9. Nxc5 dxc5 10. b3 Qd6 11. Bb2 Bf5 12. Qd2 Rad8 13. Rad1 b6 14.
Bc3 Qe6 15. Qb2 Bh3 16. Rfe1 Bxg2 17. Kxg2 a5 18. a3 Nh5 19. e3 Qd6 20. Qe2
Nf6 21. Bb2 Nh7 22. Nh4 Qe6 23. Qf3 g6 24. Kg1 Ng5 25. Qg2 e4 26. dxe4 Nxe4
27. f3 Rxd1 28. Rxd1 Nd6 29. e4 g5 30. Kh1 gxh4 31. gxh4+ Kf8 32. Bg7+ Ke7
33. e5 Kd7 34. exd6 cxd6 35. Qg4 Kc7 36. Qxe6 Rxe6 37. h5 Ne7 38. Bc3 Kc6
39. Re1 Nf5 40. Re4 Nd4 41. Bd2 Nf5 42. Kg2 d5 43. cxd5+ Kxd5 44. Rxe6 fxe6
45. Kh3 Kd4 46. Kg4 Kd3 47. Bf4 b5 48. Bc7 b4 49. axb4 axb4 50. Kf4 c4 51.
bxc4 b3 0-1